Ciencias Sociales: Geografía-Historia
-д хадгалсан:
| Үндсэн зохиолчид: | , , , |
|---|---|
| Формат: | Ном |
| Хэл сонгох: | испани |
| Хэвлэсэн: |
Madrid
SM
2001
|
| Цуврал: | Secundaria 2
|
| Нөхцлүүд: | |
| Шошгууд: |
Шошго нэмэх
Шошго байхгүй, Энэхүү баримтыг шошголох эхний хүн болох!
|
MARC
| LEADER | 00000nam a2200000 a 4500 | ||
|---|---|---|---|
| 001 | UCK4119 | ||
| 003 | CL-VaPUC | ||
| 008 | 050520e20010000SP |||||||||||||||||spa|d | ||
| 020 | |a 8434873885 | ||
| 082 | 0 | 4 | |a 300.712 |b SAN |2 21 |
| 100 | 0 | |a Sánchez, José |e author |9 492501 | |
| 700 | 0 | |a Santacana i Mestre, Joan |e author |9 492502 | |
| 700 | 0 | |a Zaragoza, Gonzalo |e author |9 492503 | |
| 700 | 0 | |a Zárate, Antonio |e author |9 492504 | |
| 245 | 1 | 0 | |a Ciencias Sociales: Geografía-Historia |
| 300 | |a 268 p | ||
| 942 | |c BK | ||
| 945 | |d 20050520 00:00:00 |a cmena | ||
| 260 | |a Madrid |b SM |c 2001 | ||
| 650 | 0 | |a Ciencias sociales |9 256351 | |
| 650 | 0 | |a Historia universal |9 266877 | |
| 650 | 0 | |a Geografía |9 259346 | |
| 583 | |a last modification |c 20050520 00:00:00 |k Rodrigo Vera | ||
| 490 | 0 | |a Secundaria 2 | |
| 999 | |c 313075 |d 313073 | ||
| 952 | |0 0 |1 0 |4 0 |6 300_712000000000000_SAN_2001 |7 0 |8 A |9 384163 |a BIBHIS |b BIBHIS |d 2019-11-22 |i 4116682 |o 300.712 SAN 2001 |p 4116682 |r 2025-01-20 |w 2019-11-22 |y BK |k HIS | ||